| 000 | 01017am a2200277a 44500 | ||
|---|---|---|---|
| 003 | AR-BaBNM | ||
| 005 | 20251128203038.0 | ||
| 008 | 011101s1968 #AR|||||||||||000 | spa|| | ||
| 040 | _cAR-BaBNM | ||
| 100 | 1 | _aGarry, Ralph | |
| 245 | 1 | 0 | _aPsicología del aprendizaje |
| 260 |
_aBuenos Aires _bCentro Regional de Ayuda Técnica. Agencia para el Desarrollo Internacional _bTroquel _c1968 |
||
| 300 |
_a133 p. _btablas |
||
| 490 | 0 | _aBiblioteca de la nueva educación | |
| 500 | _aEsta es edición es obra del Centro Regional de Ayuda Técnica, Agencia para el Desarrollo Internacional, Departamento de Estado del Gobierno de Estados Unidos. | ||
| 504 | _aBibliografía: p. 131-133 | ||
| 650 | 4 | _aPSICOLOGIA DE LA EDUCACION | |
| 650 | 4 | _aDIFICULTADES EN EL APRENDIZAJE | |
| 650 | 4 | _aDESARROLLO INTELECTUAL | |
| 650 | 4 | _aDESARROLLO AFECTIVO | |
| 653 | _aPROCESO DE ENSEÑANZA-APRENDIZAJE | ||
| 700 | 1 |
_aPirk, Andrés _etraductor |
|
| 700 | 1 |
_aGoodson, Max R. _eprologuista |
|
| 942 | _cBK | ||
| 998 | _csilvi | ||
| 999 |
_c1648 _d1648 |
||